000 00566nam a2200205 u 4500
005 20240831063726.0
008 090527s2000 r 000 0 eng d
020 _a8424132742
035 _aUPN01000170726
049 _aI
050 4 _aPZ71
_bP4.9
100 1 _aPerera, Hilda
245 1 0 _aPodría ser que una vez-- /
_cHilda Perera ; il. Lulu Delacre.
260 _aLeón, Esp. :
_bEverest,
_c2000.
300 _a77, [7] p. :
_bil.
440 0 _aMontaña encantada
650 4 _aCuentos infantiles españoles
_97725
901 _aLibro
999 _c142831
_d142831